[Event "Bucharest Grand Prix"]
[Site "Bucharest"]
[Date "2023.04.29"]
[Round "3"]
[White "Pavel, Sebastian Ionut"]
[Black "Rakotomaharo, Fy Antenaina"]
[Result "0-1"]
[WhiteElo "2130"]
[BlackElo "2454"]
[PlyCount "84"]
[EventDate "2023.04.29"]
[EventType "swiss (rapid)"]
[EventRounds "10"]
[EventCountry "ROU"]
[SourceTitle "CBM 213 Extra"]
[Source "ChessBase"]
[SourceDate "2023.05.31"]
[SourceVersion "1"]
[SourceVersionDate "2023.05.31"]
[SourceQuality "1"]

1. d4 d5 2. Bf4 Nf6 3. Nc3 c5 4. e4 cxd4 5. Qxd4 Nc6 6. Bb5 a6 7. Bxc6+ bxc6 8. exd5 cxd5 9. 0-0-0 e6 10. Nf3 Bd6 11. Rhe1 0-0 12. Bxd6 Qxd6 13. Ng5 h6 14. Nf3 Rb8 15. Ne5 Rb4 16. Qd2 Bd7 17. g4 Rfb8 18. g5 Rxb2 19. gxf6 Qa3 20. Qe3 Rxc2+ 21. Kxc2 Rb2+ 22. Kd3 Bb5+ 23. Nc4 Bxc4+ 24. Kd4 Qb4 25. Qg3 g6 26. Rc1 Rd2+ 27. Ke3 Rd3+ 28. Kf4 Qb8+ 29. Kg4 h5+ 30. Kh4 Rxg3 31. hxg3 Qb2 32. Kh3 Qxf2 33. a4 Qxf6 34. Ne2 Qf5+ 35. Kg2 Qe4+ 36. Kf2 e5 37. Rcd1 Qf5+ 38. Kg2 d4 39. Ng1 Bd5+ 40. Kh2 Qf2+ 41. Kh3 Be6+ 42. Kh4 Qf6# 0-1

[Event "Romania blitz online op final"]
[Site "Chess.com INT"]
[Date "2020.05.06"]
[Round "4"]
[White "Nedelcu, Teodor Cosmin"]
[Black "Pavel, Sebastian Ionut"]
[Result "0-1"]
[WhiteElo "2041"]
[BlackElo "2183"]
[PlyCount "66"]
[EventDate "2020.05.06"]
[EventType "swiss (blitz)"]
[EventRounds "9"]
[EventCountry "ROU"]
[SourceTitle "CBM 196 Extra"]
[Source "ChessBase"]
[SourceDate "2020.07.31"]
[SourceVersion "1"]
[SourceVersionDate "2020.07.31"]
[SourceQuality "1"]

1. d4 Nf6 2. c4 g6 3. Nc3 Bg7 4. e4 d6 5. Be2 0-0 6. f4 c5 7. d5 e6 8. Nf3 exd5 9. cxd5 Re8 10. Qd3 Nxe4 11. Nxe4 Bf5 12. Nfd2 Qe7 13. Qb5 Bxe4 14. Nxe4 Qxe4 15. 0-0 Qxe2 16. Qxb7 Na6 17. Bd2 Rab8 18. Qxa7 Ra8 19. Qb6 Qxd2 20. Qxd6 Re2 21. f5 Be5 22. Qxe5 Rxe5 23. fxg6 hxg6 24. Rf2 Re2 25. Raf1 Rae8 26. g3 Nb4 27. d6 Qxd6 28. Rxf7 Qd4+ 29. R1f2 Rxf2 30. Rxf2 Rf8 31. Kg2 Rxf2+ 32. Kg1 Qe3 33. h3 Qe1# 0-1

[Event "Romania blitz online op final"]
[Site "Chess.com INT"]
[Date "2020.05.06"]
[Round "1"]
[White "Pavel, Sebastian Ionut"]
[Black "Onut, Simeon"]
[Result "1-0"]
[WhiteElo "2183"]
[BlackElo "2033"]
[PlyCount "65"]
[EventDate "2020.05.06"]
[EventType "swiss (blitz)"]
[EventRounds "9"]
[EventCountry "ROU"]
[SourceTitle "CBM 196 Extra"]
[Source "ChessBase"]
[SourceDate "2020.07.31"]
[SourceVersion "1"]
[SourceVersionDate "2020.07.31"]
[SourceQuality "1"]

1. e4 g6 2. d4 Bg7 3. Nc3 d6 4. Be2 Nf6 5. Nf3 0-0 6. h3 Nc6 7. d5 Nb8 8. 0-0 e5 9. Bg5 h6 10. Be3 Kh7 11. Qd2 Ne8 12. Rac1 f5 13. exf5 gxf5 14. g3 f4 15. gxf4 Bxh3 16. fxe5 Bxf1 17. Kxf1 dxe5 18. Bd3+ Kg8 19. Ke2 Qf6 20. Be4 Nd6 21. Qd3 Nd7 22. Rg1 Kh8 23. Rg6 Qf7 24. Bxh6 Rg8 25. Ng5 Qf4 26. Bxg7+ Rxg7 27. Qh3+ Kg8 28. Qh7+ Kf8 29. Rxg7 Qg4+ 30. Bf3 Qc4+ 31. Ke1 Nf6 32. Qh8+ Ng8 33. Qxg8# 1-0

[Event "Benidorm op U2300 15th"]
[Site "Benidorm"]
[Date "2016.12.06"]
[Round "6"]
[White "Pavel, Sebastian Ionut"]
[Black "Buyukasik, Diyap"]
[Result "1/2-1/2"]
[WhiteElo "2108"]
[BlackElo "2179"]
[PlyCount "188"]
[EventDate "2016.12.02"]
[EventType "swiss"]
[EventRounds "10"]
[EventCountry "ESP"]
[SourceTitle "EXT 2019"]
[Source "ChessBase"]
[SourceDate "2018.10.10"]
[SourceVersion "1"]
[SourceVersionDate "2018.10.10"]
[SourceQuality "1"]

1. e4 c5 2. Nf3 d6 3. d4 cxd4 4. Nxd4 Nf6 5. f3 e5 6. Nb3 Be6 7. c4 Be7 8. Nc3 0-0 9. Be3 a6 10. Be2 Nc6 11. 0-0 Rc8 12. Qd2 Nd7 13. Nd5 Nc5 14. Rfd1 Bxd5 15. Qxd5 Nxb3 16. axb3 Qc7 17. g3 Rfd8 18. Ra4 Bf6 19. Kf2 Nd4 20. Bxd4 exd4 21. Bd3 Qd7 22. Qf5 Qxf5 23. exf5 d5 24. Rb4 Rd7 25. Re1 Kf8 26. Ra4 Re8 27. Rxe8+ Kxe8 28. Ra5 dxc4 29. bxc4 Kd8 30. b4 Kc7 31. Rc5+ Kb8 32. Ra5 Kc7 33. c5 Kb8 34. Ke2 Be7 35. Be4 Kc7 36. Kd3 Rd8 37. Ra2 Bf6 38. c6 bxc6 39. Rxa6 Rb8 40. Rxc6+ Kd7 41. Rc4 Kd6 42. f4 Rb6 43. g4 h6 44. h4 Bxh4 45. Rxd4+ Ke7 46. Kc4 Bf2 47. Rd3 Rd6 48. Bd5 f6 49. Rf3 Bg1 50. Rf1 Bb6 51. Re1+ Kd8 52. Ra1 Kc7 53. Re1 Kd8 54. Re4 Bf2 55. b5 Kc7 56. Bc6 Kb6 57. Bd5 Kc7 58. Re2 Bg1 59. Re7+ Rd7 60. Re4 Rd6 61. Bc6 Kb6 62. Kc3 Bc5 63. Re8 Bf2 64. Re7 Bg3 65. Kc4 Bf2 66. Rb7+ Ka5 67. Bd5 Rd8 68. Rxg7 Rc8+ 69. Bc6 Rd8 70. Bd7 Be3 71. Kd5 Bxf4 72. Kc6 Rb8 73. Kd5 Rh8 74. Ke6 Be5 75. Rg6 Kb6 76. Bc6 Bc3 77. Rxf6 Bxf6 78. Kxf6 Rg8 79. Bf3 Kxb5 80. Kf7 Rc8 81. Kg7 Kc5 82. Kxh6 Kd6 83. Kg7 Rc7+ 84. Kf6 Rc8 85. Kg7 Rc7+ 86. Kg6 Rc3 87. Bd1 Rd3 88. Bc2 Rc3 89. Bb1 Rb3 90. Ba2 Ra3 91. Bf7 Rg3 92. g5 Ke5 93. f6 Kf4 94. Be8 Ke5 1/2-1/2

[Event "Arad op 9th"]
[Site "Arad"]
[Date "2016.08.10"]
[Round "7"]
[White "Ionescu, Mihai"]
[Black "Pavel, Sebastian Ionut"]
[Result "1/2-1/2"]
[WhiteElo "2301"]
[BlackElo "2104"]
[PlyCount "115"]
[EventDate "2016.08.06"]
[EventType "swiss"]
[EventRounds "9"]
[EventCountry "ROU"]
[SourceTitle "CBM 173 Extra"]
[Source "ChessBase"]
[SourceDate "2016.08.29"]
[SourceVersion "1"]
[SourceVersionDate "2016.08.29"]
[SourceQuality "1"]

1. Nf3 Nf6 2. c4 g6 3. Nc3 Bg7 4. e4 d6 5. d4 0-0 6. Be2 e5 7. Be3 Ng4 8. Bg5 f6 9. Bh4 g5 10. Bg3 Nh6 11. h3 Nc6 12. d5 Ne7 13. Nd2 f5 14. f3 Ng6 15. Bf2 fxe4 16. Ndxe4 Nf4 17. Bf1 Nf5 18. g3 Ng6 19. Bg2 Nd4 20. Be3 h6 21. 0-0 c5 22. Nb5 Nxb5 23. cxb5 Ne7 24. a4 Nf5 25. Qd2 Nd4 26. Ra3 Bf5 27. f4 gxf4 28. gxf4 Bxe4 29. Bxe4 Qh4 30. Bxd4 cxd4 31. Raf3 Rxf4 32. Rxf4 Qg3+ 33. Bg2 exf4 34. Qxf4 Qxf4 35. Rxf4 d3 36. Rf3 Bd4+ 37. Kf1 Rf8 38. Rxf8+ Kxf8 39. Be4 d2 40. Ke2 Be3 41. Bc2 Bg5 42. a5 Kf7 43. Bf5 Kf6 44. Bc8 b6 45. axb6 axb6 46. Bg4 Ke5 47. Kd1 Kxd5 48. Kc2 Kc4 49. Be2+ Kd4 50. Kd1 Ke3 51. Bg4 Kd3 52. Be2+ Ke3 53. Bg4 d5 54. Be6 Kd4 55. Bd7 Kc4 56. Kc2 d4 57. Be8 Kd5 58. Kd1 1/2-1/2

[Event "Arad op 9th"]
[Site "Arad"]
[Date "2016.08.10"]
[Round "6"]
[White "Pavel, Sebastian Ionut"]
[Black "Panainte, Andreea Bianca"]
[Result "1-0"]
[WhiteElo "2104"]
[BlackElo "1799"]
[PlyCount "111"]
[EventDate "2016.08.06"]
[EventType "swiss"]
[EventRounds "9"]
[EventCountry "ROU"]
[SourceTitle "CBM 173 Extra"]
[Source "ChessBase"]
[SourceDate "2016.08.29"]
[SourceVersion "1"]
[SourceVersionDate "2016.08.29"]
[SourceQuality "1"]

1. e4 e6 2. d4 d5 3. Nc3 dxe4 4. Nxe4 Nd7 5. Nf3 Ngf6 6. Bd3 Be7 7. Nxf6+ Nxf6 8. c3 0-0 9. Qe2 c5 10. dxc5 Bxc5 11. Bg5 Be7 12. 0-0-0 Qa5 13. Kb1 Rd8 14. h4 Bd7 15. Qe5 Qxe5 16. Nxe5 Be8 17. Be2 h6 18. Bc1 Bc5 19. Nd3 Bd6 20. Bf3 Rab8 21. c4 b6 22. Be3 Rdc8 23. Rc1 Bc6 24. Be2 Kh8 25. Rhg1 Bh2 26. Rh1 Bd6 27. f3 Nh5 28. Bd1 Ng3 29. Rh3 Bd7 30. Bb3 Nf5 31. Bf2 Re8 32. c5 bxc5 33. Nxc5 Bb5 34. Ne4 Bf4 35. Re1 a6 36. g3 Bc7 37. g4 Ne7 38. Nc3 Bd3+ 39. Bc2 Bxc2+ 40. Kxc2 Ba5 41. Rhh1 Rec8 42. a3 Nd5 43. Bd4 Bxc3 44. Bxc3 Nxc3 45. bxc3 Rc4 46. Re4 Rbc8 47. Rxc4 Rxc4 48. Kb3 Rf4 49. Rf1 e5 50. Re1 f6 51. Re3 Kg8 52. c4 Kf7 53. Kb4 Ke6 54. Kc5 Rd4 55. Rb3 Rd8 56. Rb6+ 1-0

[Event "ROM-ch U20"]
[Site "Calimanesti"]
[Date "2013.04.06"]
[Round "7"]
[White "Hajbok, Robert"]
[Black "Pavel, Sebastian Ionut"]
[Result "1-0"]
[WhiteElo "2366"]
[BlackElo "2087"]
[PlyCount "72"]
[EventDate "2013.04.02"]
[EventType "swiss"]
[EventRounds "9"]
[EventCountry "ROU"]
[SourceTitle "CBM 153 Extra"]
[Source "ChessBase"]
[SourceDate "2013.04.22"]
[SourceVersion "1"]
[SourceVersionDate "2013.04.22"]
[SourceQuality "1"]

1. e4 c5 2. Nf3 Nc6 3. d4 cxd4 4. Nxd4 e5 5. Nb5 d6 6. Bc4 a6 7. N5c3 Be6 8. Nd5 b5 9. Bb3 Nf6 10. Bg5 Nd4 11. Nbc3 a5 12. Nxf6+ gxf6 13. Be3 Nxb3 14. axb3 b4 15. Nd5 Rb8 16. Qd3 Bg7 17. 0-0 0-0 18. Rfd1 Re8 19. Rd2 h6 20. h3 Kh7 21. Kh2 Bf8 22. f3 Bg7 23. Bf2 h5 24. Bh4 Ra8 25. f4 Bxd5 26. Qxd5 Qc7 27. f5 Rec8 28. Qd3 Bh6 29. Re2 Bg5 30. Qf3 Kh6 31. Bf2 h4 32. Qg4 d5 33. Bxh4 dxe4 34. Bxg5+ fxg5 35. f6 Rg8 36. Qxe4 Rg6 1-0

[Event "ROM-ch U20"]
[Site "Calimanesti"]
[Date "2013.04.05"]
[Round "5"]
[White "Martian, Dragos Daniel"]
[Black "Pavel, Sebastian Ionut"]
[Result "1-0"]
[WhiteElo "2168"]
[BlackElo "2087"]
[PlyCount "133"]
[EventDate "2013.04.02"]
[EventType "swiss"]
[EventRounds "9"]
[EventCountry "ROU"]
[SourceTitle "CBM 153 Extra"]
[Source "ChessBase"]
[SourceDate "2013.04.22"]
[SourceVersion "1"]
[SourceVersionDate "2013.04.22"]
[SourceQuality "1"]

1. e4 c5 2. c3 d6 3. d4 Nf6 4. Bd3 Nc6 5. Nf3 Bg4 6. d5 Bxf3 7. Qxf3 Ne5 8. Bb5+ Ned7 9. 0-0 g6 10. c4 Bg7 11. Qe2 0-0 12. Ba4 a6 13. Nc3 Rb8 14. f4 Qc7 15. Bd2 e6 16. dxe6 fxe6 17. Rae1 Nb6 18. Bc2 Rbe8 19. Bb3 Nh5 20. Kh1 Bd4 21. Qg4 Qg7 22. a4 Nd7 23. a5 Ndf6 24. Qh3 e5 25. Ba4 Re7 26. f5 Nf4 27. Bxf4 exf4 28. Rxf4 g5 29. Rff1 Bxc3 30. Qxc3 Nxe4 31. Qxg7+ Kxg7 32. Kg1 Kf6 33. Bc2 Rfe8 34. Ba4 Rd8 35. Bc2 Nd2 36. Rxe7 Kxe7 37. Re1+ Kf6 38. b3 d5 39. cxd5 Rxd5 40. Re6+ Kf7 41. Rh6 Kg7 42. Re6 Kf7 43. h3 Rd4 44. Rh6 Kg7 45. Rb6 Rd7 46. f6+ Kf7 47. Kf2 h5 48. Ke2 h4 49. Bd3 c4 50. bxc4 Nf1 51. Kxf1 Rxd3 52. Rxb7+ Kxf6 53. Rb6+ Ke5 54. Rxa6 Rc3 55. Rc6 Kf4 56. a6 Kg3 57. Rg6 Rc1+ 58. Ke2 Kxg2 59. Rxg5+ Kxh3 60. Ra5 Rxc4 61. a7 Rc8 62. a8Q Rxa8 63. Rxa8 Kg2 64. Rg8+ Kh2 65. Kf2 Kh3 66. Rh8 Kg4 67. Kg2 1-0

[Event "Arad op-A"]
[Site "Arad"]
[Date "2011.08.09"]
[Round "6"]
[White "Doros, Radu Marian"]
[Black "Pavel, Sebastian Ionut"]
[Result "1-0"]
[WhiteElo "2338"]
[BlackElo "1921"]
[PlyCount "69"]
[EventDate "2011.08.05"]
[EventType "swiss"]
[EventRounds "9"]
[EventCountry "ROU"]
[SourceTitle "CBM 143 Extra"]
[Source "ChessBase"]
[SourceDate "2011.08.29"]
[SourceVersion "1"]
[SourceVersionDate "2011.08.29"]
[SourceQuality "1"]

1. e4 c5 2. Nf3 Nc6 3. d4 cxd4 4. Nxd4 g6 5. Nc3 Bg7 6. Be3 Nf6 7. Bc4 Qa5 8. 0-0 0-0 9. Nb3 Qc7 10. Bg5 a6 11. Be2 b5 12. a3 Ne5 13. Bxf6 exf6 14. Nd5 Qa7 15. Kh1 d6 16. a4 bxa4 17. Rxa4 Qd7 18. Ra2 Ra7 19. f4 Nc6 20. c3 f5 21. exf5 Qxf5 22. Na5 Qd7 23. Nc4 Rd8 24. Ncb6 Qb7 25. Qd3 Be6 26. Rxa6 Rb8 27. Rxa7 Nxa7 28. b4 Bxc3 29. Bf3 Bxd5 30. Nxd5 Qb5 31. Qxb5 Nxb5 32. Be2 Bxb4 33. Nxb4 Nd4 34. Na6 Rb6 35. Bd3 1-0

[Event "ROM-ch op"]
[Site "Sarata Monteoru"]
[Date "2011.02.12"]
[Round "1"]
[White "Doncea, Vladimir"]
[Black "Pavel, Sebastian Ionut"]
[Result "1-0"]
[WhiteElo "2402"]
[BlackElo "1897"]
[PlyCount "43"]
[EventDate "2011.02.12"]
[EventType "swiss"]
[EventRounds "11"]
[EventCountry "ROU"]
[SourceTitle "CBM 140 Extra"]
[Source "ChessBase"]
[SourceDate "2011.03.01"]
[SourceVersion "1"]
[SourceVersionDate "2011.03.01"]
[SourceQuality "1"]

1. d4 Nf6 2. c4 g6 3. g3 Bg7 4. Nf3 d6 5. Bg2 0-0 6. Nc3 a6 7. 0-0 Nc6 8. h3 Bd7 9. e4 e5 10. Be3 exd4 11. Nxd4 Re8 12. Rc1 Nxd4 13. Bxd4 b5 14. c5 dxc5 15. Bxf6 Bxf6 16. e5 Rb8 17. exf6 Re6 18. Ne4 c4 19. Qd2 Bc6 20. Qxd8+ Rxd8 21. Rcd1 Rde8 22. f3 1-0

[Event "ROM-ch U16"]
[Site "Voineasa"]
[Date "2010.04.12"]
[Round "7"]
[White "Pavel, Sebastian Ionut"]
[Black "Stoean, Robert Renaldo"]
[Result "0-1"]
[WhiteElo "1722"]
[BlackElo "1833"]
[PlyCount "144"]
[EventDate "2010.04.08"]
[EventType "swiss"]
[EventRounds "9"]
[EventCountry "ROU"]
[SourceTitle "EXT 2020"]
[Source "ChessBase"]
[SourceDate "2019.10.17"]
[SourceVersion "1"]
[SourceVersionDate "2019.10.17"]
[SourceQuality "1"]

1. e4 e6 2. d4 d5 3. Nc3 Nf6 4. e5 Nfd7 5. f4 c5 6. Nf3 Nc6 7. Be3 a6 8. Qd2 b5 9. dxc5 Bxc5 10. Ne2 Bb7 11. Bxc5 Nxc5 12. Ned4 Ne4 13. Qe3 Na5 14. b3 Qc7 15. Be2 Rc8 16. 0-0 Qc3 17. Qxc3 Rxc3 18. Bd3 0-0 19. Rfd1 Rfc8 20. Ne2 R3c7 21. Ned4 Nc6 22. a3 g6 23. Nxc6 Bxc6 24. Nd4 a5 25. g3 Rb8 26. Kg2 Nc3 27. Re1 Bd7 28. h3 b4 29. axb4 Rxb4 30. Ne2 a4 31. bxa4 Bxa4 32. Kf2 Bb5 33. Nxc3 Rxc3 34. Bxb5 Rxb5 35. Ra2 Rbc5 36. Re2 h5 37. h4 Rc7 38. Rb2 Kg7 39. Ra2 Kf8 40. Rb2 Ke7 41. Ra2 Kd7 42. Rb2 Kc6 43. Re3 Rc4 44. Ke2 d4 45. Rd3 Kd5 46. Kd2 Ke4 47. Ra2 Rc8 48. Rda3 Rc3 49. Rxc3 Rxc3 50. Ra7 Rxg3 51. Rxf7 Rg2+ 52. Kc1 Rg4 53. Rf6 Kd5 54. Kd1 Rxh4 55. Rxg6 Rxf4 56. Rh6 Rf5 57. Kd2 Kxe5 58. Ke2 Kd5 59. Kd2 e5 60. Rh8 e4 61. Ke2 Ke5 62. Rd8 h4 63. Rh8 Rf4 64. Rh5+ Kf6 65. Rd5 e3 66. Rh5 Rf2+ 67. Kd1 Rf4 68. Ke2 Kg6 69. Rh8 Kf5 70. Rg8 h3 71. Rh8 Rf2+ 72. Kd1 h2 0-1

[Event "ROM-ch U16"]
[Site "Voineasa"]
[Date "2010.04.08"]
[Round "1"]
[White "Pavel, Sebastian Ionut"]
[Black "Marinescu, Stefan"]
[Result "1/2-1/2"]
[WhiteElo "1722"]
[BlackElo "1909"]
[PlyCount "81"]
[EventDate "2010.04.08"]
[EventType "swiss"]
[EventRounds "9"]
[EventCountry "ROU"]
[SourceTitle "EXT 2020"]
[Source "ChessBase"]
[SourceDate "2019.10.17"]
[SourceVersion "1"]
[SourceVersionDate "2019.10.17"]
[SourceQuality "1"]

1. e4 e6 2. d4 d5 3. Nc3 Bb4 4. e5 c5 5. a3 Bxc3+ 6. bxc3 Qa5 7. Bd2 Qa4 8. Qb1 c4 9. h4 Nc6 10. h5 h6 11. g3 b6 12. Ne2 Bd7 13. Bh3 0-0-0 14. 0-0 f5 15. Nf4 Nge7 16. Kh2 Rdg8 17. f3 g5 18. Ne2 Kc7 19. g4 f4 20. Qb2 Rf8 21. Rad1 Be8 22. Nc1 a5 23. Ne2 Na7 24. Rb1 Nec8 25. Qc1 Ne7 26. Rf2 Rh7 27. Kg1 Bf7 28. Qb2 Nec8 29. Qc1 Ne7 30. Qb2 Nac8 31. Rff1 Bg8 32. Rfc1 Nc6 33. Rf1 Rhf7 34. Rfc1 Bh7 35. Kf2 N6a7 36. Bg2 Kc6 37. Bh3 Rb7 38. Qa2 Ne7 39. Rb2 Rfb8 40. Ra1 Kc7 41. Qb1 1/2-1/2